Notebooks / (Record no. 20264)

000 -LEADER
fixed length control field 01668cam a2200373 a 4500
001 - CONTROL NUMBER
control field 15040641
005 - DATE AND TIME OF LATEST TRANSACTION
control field 20170118162745.0
008 - FIXED-LENGTH DATA ELEMENTS--GENERAL INFORMATION
fixed length control field 071011s2008 enka b 001 0 eng
010 ## - LIBRARY OF CONGRESS CONTROL NUMBER
LC control number 2007042346
020 ## - INTERNATIONAL STANDARD BOOK NUMBER
International Standard Book Number 9780199299027 (pbk.)
020 ## - INTERNATIONAL STANDARD BOOK NUMBER
International Standard Book Number 0199299021 (pbk.)
035 ## - SYSTEM CONTROL NUMBER
System control number (OCoLC)ocn174138932
035 ## - SYSTEM CONTROL NUMBER
System control number (OCoLC)174138932
040 ## - CATALOGING SOURCE
Original cataloging agency DLC
Transcribing agency DLC
Modifying agency BTCTA
-- BAKER
-- YDXCP
-- BWKUK
-- BWK
-- DLC
050 00 - LIBRARY OF CONGRESS CALL NUMBER
Classification number ND623
Item number .L5A4 2008
100 0# - MAIN ENTRY--PERSONAL NAME
Personal name Leonardo,
Titles and words associated with a name da Vinci,
Dates associated with a name 1452-1519.
245 10 - TITLE STATEMENT
Title Notebooks /
Statement of responsibility, etc. Leonardo da Vinci ; selected by Irma A. Richter ; edited with an introduction and notes by Thereza Wells ; preface by Martin Kemp.
250 ## - EDITION STATEMENT
Edition statement New ed.
260 ## - PUBLICATION, DISTRIBUTION, ETC. (IMPRINT)
Place of publication, distribution, etc. Oxford ;
-- New York :
Name of publisher, distributor, etc. Oxford University Press,
Date of publication, distribution, etc. c2008.
300 ## - PHYSICAL DESCRIPTION
Extent lv, 392 p. :
Other physical details ill. ;
Dimensions 20 cm.
490 1# - SERIES STATEMENT
Series statement Oxford world's classics
500 ## - GENERAL NOTE
General note First published in 1952.
504 ## - BIBLIOGRAPHY, ETC. NOTE
Bibliography, etc Includes bibliographical references (p. [xxxvii]-xxxix) and index.
600 00 - SUBJECT ADDED ENTRY--PERSONAL NAME
Personal name Leonardo,
Titles and other words associated with a name da Vinci,
Dates associated with a name 1452-1519
Form subdivision Notebooks, sketchbooks, etc.
700 1# - ADDED ENTRY--PERSONAL NAME
Personal name Richter, Irma A.
Fuller form of name (Irma Anne)
700 1# - ADDED ENTRY--PERSONAL NAME
Personal name Wells, Thereza.
700 0# - ADDED ENTRY--PERSONAL NAME
Personal name Leonardo,
Titles and other words associated with a name da Vinci,
Dates associated with a name 1452-1519.
Title of a work Notebooks of Leonardo da Vinci.
830 #0 - SERIES ADDED ENTRY--UNIFORM TITLE
Uniform title Oxford world's classics (Oxford University Press)
856 41 - ELECTRONIC LOCATION AND ACCESS
Materials specified Table of contents only
Uniform Resource Identifier <a href="http://www.loc.gov/catdir/toc/ecip082/2007042346.html">http://www.loc.gov/catdir/toc/ecip082/2007042346.html</a>
942 ## - ADDED ENTRY ELEMENTS (KOHA)
Source of classification or shelving scheme
Koha item type Hard Covered Materials
Classification part ND623 .L5A4 2008
Holdings
Withdrawn status Lost status Source of classification or shelving scheme Damaged status Not for loan Home library Current library Shelving location Date acquired Source of acquisition Total Checkouts Full call number Barcode Date last seen Price effective from Koha item type
          MACHAKOS UNIVERSITY LIBRARY MACHAKOS UNIVERSITY LIBRARY Technical section 18/01/2017 Donation(BFA)   ND623 .L5A4 2008 30888 18/07/2018 18/01/2017 Hard Covered Materials
© Machakos University Library, Along The Highway, Machakos Wote Rd, Machakos, Kenya P.O. Box 136 - 90100 Machakos - Kenya

Tel: ( +254 ) 723 805829 OR Fax : 044-20353 OR Email: library@mksu.ac.ke